000 00469nam a22001577a 4500
999 _c17572
_d17572
008 190325b xxu||||| |||| 00| 0 eng d
020 _a1780646817
040 _aKABU
_cKABU
050 _aG156.5
_b.T73 2011 c. 1
100 _aTravis, Anthony S.
245 _aPlanning for tourism, leisure and sustainability
_cAnthony S. travis
260 _aUK
_bCABI
_c2011
300 _axxv, 330 p.
650 _aSustainable tourism
_xCase studies
942 _2lcc
_cBK
_hG156.5